Fernsehköche nach Bildern - Statistiken

Allgemein
  • Dieses Quiz wurde 937 mal gespielt
  • Das Durchschnittsergebnis liegt bei 6 aus 12
Antwortstatistiken
Bildquiz Antwort % Korrekt
Tim Mälzer
91%
Steffen Henssler
83%
Frank Rosin
82%
Johann Lafer
74%
Nelson Müller
60%
Alfons Schuhbeck
50%
Alexander Herrmann
37%
Cornelia Poletto
29%
Sarah Wiener
22%
Alexander Kumptner
17%
Mario Kotaska
13%
Meta Hiltebrand
6%
Keine übereinstimmenden Quizze gefunden
Verteilung der Resultate
Anzahl Personen mit jedem Resultat
Perzentil nach korrekt beantworteten Fragen
Ihre Resultats-Entwicklung
Sie haben dieses Quiz noch nicht gespielt